000 00925nam a2200205 u 4500
001 000325153
003 AM-YeHGA
005 20250618072042.0
008 040408s1971 ai r 000 0 arm d
040 _aAM-YeHGA
041 0 _aarm
100 1 _aՍտամբոլցյան, Գուրգեն Արտաշեսի,
_d1917-1982
_99481
245 1 0 _aՄանուշակները :
_b[Մանկական բանաստեղծություններ] /
_cԳ.Ա. Ստամբոլցյան; Խմբ.՝ Հ. Հ. Դանիելյան; Նկ.՝ Խ. Հ. Գյուլամիրյան.
260 _aԵրևան :
_bՀայաստան,
_c1971.
300 _a32 էջ :
_bնկ. ;
_c20 սմ.
650 1 4 _aՀայ մանկական գրականություն
_xԲանաստեղծություն
700 1 _aԴանիելյան, Հ. Հ.
_eխմբ.
_4edt
700 1 _aԳյուլամիրյան, Խաչատուր Հովհաննեսի,
_d1922-2001
_eնկ.
_4art
_93258
090 _c122637
999 _c121284
_d121284